Daimón desde el Tarot
Gardado en:
| Autor Principal: | |
|---|---|
| Formato: | Libro |
| Idioma: | Undetermined |
| Publicado: |
San José, Costa Rica
Universidad de Costa Rica
[2000]
|
| Materias: | |
| Etiquetas: |
Engadir etiqueta
Sen Etiquetas, Sexa o primeiro en etiquetar este rexistro!
|
MARC
| LEADER | 00000nam a2200000Ia 4500 | ||
|---|---|---|---|
| 008 | 170316s9999 xx 000 0 und d | ||
| 040 | |a cru BVZT | ||
| 090 | |a TESIS 639 | ||
| 100 | |a Gamboa Obando, Dora | ||
| 245 | |a Daimón desde el Tarot | ||
| 260 | |a San José, Costa Rica | ||
| 260 | |b Universidad de Costa Rica | ||
| 260 | |c [2000] | ||
| 300 | |a 87 páginas | ||
| 650 | |a MAESTRÍA EN LITERATURA LATINOAMERICANA | ||
| 650 | |a TRABAJO FINAL DE GRADUACIÓN | ||
| 999 | |c 14294 |d 14294 | ||
| 942 | |c TFG |h TESIS 639 |2 z | ||
